The Revival of Civil Society: (Record no. 460)

MARC details
000 -LEADER
fixed length control field 00605nam a2200205 4500
003 - CONTROL NUMBER IDENTIFIER
control field OSt
005 - DATE AND TIME OF LATEST TRANSACTION
control field 20230206102834.0
008 - FIXED-LENGTH DATA ELEMENTS--GENERAL INFORMATION
fixed length control field 140918b xxu||||| |||| 00| 0 eng d
020 ## - INTERNATIONAL STANDARD BOOK NUMBER
International Standard Book Number 0333748255
040 ## - CATALOGING SOURCE
Transcribing agency 040a
082 ## - DEWEY DECIMAL CLASSIFICATION NUMBER
Edition number 20
Classification number 337.1 REV 1999
100 ## - MAIN ENTRY--PERSONAL NAME
Personal name Schechter, Micheal G.
9 (RLIN) 16443
245 ## - TITLE STATEMENT
Title The Revival of Civil Society:
Remainder of title global and comparative perspectives
260 ## - PUBLICATION, DISTRIBUTION, ETC. (IMPRINT)
Place of publication, distribution, etc. London;
Name of publisher, distributor, etc. Macmillan press,
Date of publication, distribution, etc. 1999
300 ## - PHYSICAL DESCRIPTION
Extent xv, 255p;
Other physical details ill :
Dimensions 10 cm.
440 ## - SERIES STATEMENT/ADDED ENTRY--TITLE
Title International political economy series
9 (RLIN) 970
504 ## - BIBLIOGRAPHY, ETC. NOTE
Bibliography, etc includes index
650 ## - SUBJECT ADDED ENTRY--TOPICAL TERM
Topical term or geographic name as entry element civil society
9 (RLIN) 1227
942 ## - ADDED ENTRY ELEMENTS (KOHA)
Source of classification or shelving scheme Dewey Decimal Classification
Koha item type Short Loan
Holdings
Withdrawn status Lost status Source of classification or shelving scheme Damaged status Not for loan Home library Current library Date acquired Inventory number Total Checkouts Full call number Barcode Date last seen Koha item type
    Dewey Decimal Classification     MUST Main Library MUST Main Library 18/09/2014 03/19637   337.1 REV 1999 2014-2850 18/09/2014 Short Loan
    Dewey Decimal Classification     MUST Main Library MUST Main Library 18/09/2014 03/19636   337.1 REV 1999 2014-2851 18/09/2014 Short Loan